| 000 | 00449cam a2200181ua 4500 | ||
|---|---|---|---|
| 001 | 98 | ||
| 008 | 110316n ii |||gr||||Z||||||eng | ||
| 020 | _a978-0-07-064822-7 | ||
| 040 | _cMAIN | ||
| 082 | _a005 | ||
| 245 |
_aProgramming in ansi C. _cBy E Balagurusamy. |
||
| 250 | _a4th. | ||
| 260 |
_aNew Delhi.: _bMcgraw Hill., _c2008. |
||
| 300 |
_ax, 549 p.: _bill.; _c22 cm. |
||
| 653 | _aComputer Science. | ||
| 700 | 1 | _aBalagurusamy, E., | |
| 942 | _cBK | ||
| 999 |
_c89 _d89 |
||